000
00241nam a2200097Ia 4500
001
1105274
005
20250827003415.0
008
250824s9999 xx 000 0 und d
245
0
_a
BUKRE KALP
_c
KAHRAMAN TAZEOĞLU
260
_b
DESTEK YAYINLARI
999
_c
1105274
_d
1105274